000 00888nam a2200265Ia 4500
003 OSt
005 20221005062202.0
006 a|||||r|||| 00| 0
007 ta
008 221004b |||||||| |||| 00| 0 eng d
020 _a9781138776371 (hbk)
_c8634.29
024 _a24848
037 _b1034, 01/12/2015, Bright Book Service
_cTextual
040 _aCRL
_cCRL
_beng
041 _2eng
_aeng
082 _aV43:195N50.P1, Q5
100 _aMaier-Knapp Naila
_9601530
245 0 _aSoutheast asia and the European union
_b Non-traditional security crises and cooperation
260 _aLondon
_bRoutledge UK
_c2015
300 _axvii, 140p.
_ccm.
490 _aRoutledge comtemporary southeast asia series
650 _aHISTORY
942 _hV43:195N50.P1, Q5
_cTEXL
_2cc
999 _c969323
_d969323